000 02319nam a2200349 i 4500
999 _c65614
_d65614
001 768714001
003 CO-MdFUSB
005 20200824180632.0
007 ta
008 200402t2016 -us |||| |||| 00| 0 eng d
020 _a9780801047350
040 _aCO-MdFUSB
_bspa
_cCO-MdFUSB
_dCO-MdFUSBC
_erda
041 _aeng
082 _223
_a226.409
_bSO678
245 1 4 _aThe social world of Luke-Acts
_b: models for interpretation.
_c/ editado por Jerome Henry Neyrey, S.J.
264 1 _aEstados Unidos :
_bHendrickson Publishers,
_c[2016]
264 4 _c© 2016
300 _a436 páginas
_c; 23 cm
336 _2rdacontent
_atexto
_btxt
337 _2rdamedia
_asin mediación
_bn
338 _2rdacarrier
_avolumen
_bnc
500 _aColección Dawn Christina Harrell
505 _aParte I. Psicoogía social. Perspectiva de la teoría de la lectura: lectura de Lucas y Hechos / Bruce J. Malina.. -- Honor y vergüenza en Lucas y Hechos: valores fundamentales del mundo mediterráneo / Bruce J. Malina y Jerome H. Neyrey. -- Personalidad del primer siglo: Dyadic, no individualista / Bruce J. Malina y Jerome H. Neyrey.. -- Conflicto en Lucas y Hechos: teoría del etiquetado y la desviación / Bruce J. Malina y Jerome H. Neyrey.. -- Parte II. Instituciones sociales. La ciudad preindustrial en Lucas y Hechos: Relaciones sociales urbanas / Richard L. Rohrbaugh.. -- El campo en Luke-Acts / Douglas E. Oakman. -- Enfermedad y curación en Lucas y Hechos / John J. Pilch.. -- Templo versus hogar en Lucas y Hechos: un contraste en las instituciones sociales / John H. Elliott.. -- Relaciones patrón-cliente y la nueva comunidad en Lucas y Hechos / Halvor Moxnes.. --Parte III. Dinámica social. El universo simbólico de Lucas y Hechos: "ponen el mundo al revés" / Jerome H. Neyrey.. -- La ubicación social del autor implícito de Lucas y Hechos / Vernon K. Robbins. -- Rituales de transformación de estado en Lucas y Hechos: Mark McVann.. -- Ceremonias en Lucas y Hechos: el caso de las comidas y la convivencia / Jerome H. Neyrey.
563 _aRùstico
630 0 7 _aBiblia.
_pNuevo Testamento
630 7 _aBiblia.
_vLucas
_xCultura
630 7 _aBiblia.
_pHechos
_xCultura
700 1 _9498
_aNeyrey, Jerome H.,
_d1940-
_eeditor
942 _cBK
945 _aJTF-925
_bAEM-53